000 00718nam a2200193 a 4500
001 000042982
003 DO-SdBNP
005 20251029134617.0
008 140214s1970 ve a 000 0 spa d
040 _aDO-SdBNP
_bspa
_cBNPHU
100 1 _aSilva Michelena, José Agustín
_970483
245 1 0 _aCrisis de la democracia /
_cJosé Agustín Silva Michelena.
260 _aCaracas, Venezuela :
_bCentro de Estudios del Desarrollo,
_bUniversidad Central de Venezuela,
_c1970.
300 _a410 p. :
_bil. ;
_c23 cm.
490 1 _aCambio político en Venezuela
_v3
500 _aIncluye referencias bibliográficas y notas al pie de las páginas
830 0 _aCambio político en Venezuela ;
_n3
_970484
942 _2ddc
_cLBS1
999 _c42471
_d42471